Electric utility diversification : a guide to the strategic issues and options /

Bibliographic Details
Corporate Author: Edison Electric Institute. Economics Division
Format: Book
Language:English
Published: Washington, DC : Edison Electric Institute, Economics Division, 1983.
Subjects:

MARC

Tag First Indicator Second Indicator Subfields
LEADER 00000cam a2200000 a 4500
001 in00000403413
005 20151011131040.0
008 831227s1983 dcuad b 00010 eng d
035 |a (OCoLC)10251749 
035 |9 ABS8721AM 
040 |a PGE  |c PGE  |d TXA  |d UtOrBLW 
043 |a n-us--- 
049 |a TXAM  |v 1 [A09233885] 
090 |a HD2756.U5  |b E32 1983 
110 2 |a Edison Electric Institute.  |b Economics Division. 
245 1 0 |a Electric utility diversification :  |b a guide to the strategic issues and options /  |c prepared by the Economics Division, Edison Electric Institute. 
264 1 |a Washington, DC :  |b Edison Electric Institute, Economics Division,  |c 1983. 
300 |a 3 volumes :  |b illustrations, charts ;  |c 28 cm. 
336 |a text  |b txt  |2 rdacontent 
337 |a unmediated  |b n  |2 rdamedia 
338 |a volume  |b nc  |2 rdacarrier 
500 |a "May 1983. " 
504 |a Bibliography: p. B1-B16, volume 1. 
505 0 |a v. 1. Handbook -- v. 2. Regulation -- v. 3. Research reports. 
650 0 |a Diversification in industry  |z United States. 
650 0 |a Electric utilities  |z United States. 
650 0 |a New business enterprises  |z United States. 
650 0 |a Public utility holding companies  |z United States. 
999 |a MARS 
999 f f |s 6cabab4c-8b69-364d-b4d6-002bd5d5177f  |i 8a1d5f5c-fff5-3b37-b3cc-1e1fbfd2ef1c  |t 0 
952 f f |p ric  |a Texas A&M University  |b Rellis Campus  |c Joint Library Facility  |d Remote Storage  |t 0  |e HD2756.U5 E32 1983  |h Library of Congress classification  |i unmediated -- volume  |k v.1  |m A14809233885 
998 f f |a HD2756.U5 E32 1983  |s v.1  |t 0  |l Remote Storage